<?xml version="1.0" encoding="UTF-8"?>
<marc:record xmlns:marc="http://www.loc.gov/MARC21/slim">
   <marc:leader>00000nam a2200000 a 4500</marc:leader>
   <marc:datafield ind1="1" ind2=" " tag="100">
      <marc:subfield code="a">Stemmler, Mark</marc:subfield>
      <marc:subfield code="4">edt</marc:subfield>
      <marc:subfield code="e">Bearbeiter/-in</marc:subfield>
   </marc:datafield>
   <marc:datafield ind1="1" ind2=" " tag="100">
      <marc:subfield code="a">Lienert, Gustav A.</marc:subfield>
      <marc:subfield code="4">hnr</marc:subfield>
      <marc:subfield code="e">Honoree</marc:subfield>
   </marc:datafield>
   <marc:datafield ind1=" " ind2=" " tag="653">
      <marc:subfield code="a">Psychometrie</marc:subfield>
   </marc:datafield>
   <marc:datafield ind1=" " ind2=" " tag="653">
      <marc:subfield code="a">Konfigurationsfrequenzanalyse</marc:subfield>
   </marc:datafield>
   <marc:datafield ind1=" " ind2=" " tag="653">
      <marc:subfield code="a">Aufsatzsammlung</marc:subfield>
   </marc:datafield>
   <marc:datafield ind1="0" ind2="0" tag="245">
      <marc:subfield code="a">Configural frequency analysis (CFA) and other non-parametrical statistical methods</marc:subfield>
   </marc:datafield>
   <marc:datafield ind1="0" ind2="0" tag="245">
      <marc:subfield code="b">Gustav A. Lienert memorial issue</marc:subfield>
   </marc:datafield>
   <marc:datafield ind1="0" ind2="0" tag="245">
      <marc:subfield code="c">M. Stemmler ... (ed.)</marc:subfield>
   </marc:datafield>
   <marc:datafield ind1=" " ind2="1" tag="264">
      <marc:subfield code="a">Lengerich</marc:subfield>
      <marc:subfield code="b">Pabst Science Publ.</marc:subfield>
      <marc:subfield code="c">2008</marc:subfield>
   </marc:datafield>
   <marc:datafield ind1="1" ind2=" " tag="520">
      <marc:subfield code="a">Angaben aus der Verlagsmeldung

Configural Frequency Analysis (CFA) and other non-parametrical statistical methods: Gustav A. Lienert Memorial Issue

On the 8th of Mai 2001 Gustav A. Lienert passed away. After a life which he dedicated to science and methodology, we are not only losing a great scientist but also an outstanding teacher and mentor and, for a few lucky ones, a warmhearted friend.
This compendium, which embraces nine contributions about non-parametrical statistics in general and Lienerts configural frequency analysis in particular, is published to honor G. A. Lienert in a way, he probably would have preferred most: showing that non-parametrical statistical analyses sensu Lienert are still modern and in use.
</marc:subfield>
   </marc:datafield>
   <marc:datafield ind1=" " ind2=" " tag="020">
      <marc:subfield code="a">9783899674897</marc:subfield>
      <marc:subfield code="9">9783899674897</marc:subfield>
   </marc:datafield>
   <marc:datafield ind1=" " ind2=" " tag="041">
      <marc:subfield code="a">eng</marc:subfield>
   </marc:datafield>
   <marc:datafield ind1=" " ind2=" " tag="300">
      <marc:subfield code="a">134 S.</marc:subfield>
   </marc:datafield>
</marc:record>
